LEADER 01057nam a2200265 i 4500 001 991000475219707536 008 091202s2009 it 000 0 ita d 020 $a9788856811964 035 $ab13862819-39ule_inst 040 $aDip.to Filosofia$bita 082 0 $a109 082 $a190 100 1 $aDi Giovanni , Piero$0155638 245 13$aLa storia della filosofia nell'eta contemporanea /$cPiero Di Giovanni 260 $aMilano :$bFrancoAngeli,$c2009 300 $a827 p. ;$c23 cm 440 0$aFilosofia [F.Angeli] ;$v209 650 4$aFilosofia contemporanea 907 $a.b13862819$b23-02-12$c02-12-09 912 $a991000475219707536 945 $aLE007 190 DIG 01.01$g1$i2007000194737$lle007$nLE007 2010 Spedicati$op$pE38.00$q-$rl$s- $t0$u1$v0$w1$x0$y.i1509778x$z25-03-10 945 $aLE005 109 DIG01. 01$g1$i2005000209178$lle005$o-$pE38.00$q-$rl$s- $t0$u1$v1$w1$x0$y.i15041670$z02-12-09 996 $aStoria della filosofia nell'eta contemporanea$9231460 997 $aUNISALENTO 998 $a(2)le007$ale005$b02-12-09$cm$da $e-$fita$git $h3$i0 LEADER 01538nam 2200505 a 450 001 9910790127703321 005 20200520144314.0 010 $a1-61728-811-X 035 $a(CKB)2670000000176379 035 $a(EBL)3020899 035 $a(SSID)ssj0000689747 035 $a(PQKBManifestationID)11406129 035 $a(PQKBTitleCode)TC0000689747 035 $a(PQKBWorkID)10620031 035 $a(PQKB)11695165 035 $a(MiAaPQ)EBC3020899 035 $a(Au-PeEL)EBL3020899 035 $a(CaPaEBR)ebr10681037 035 $a(OCoLC)785911194 035 $a(EXLCZ)992670000000176379 100 $a20100602d2011 uy 0 101 0 $aeng 135 $aur|n|---||||| 181 $ctxt 182 $cc 183 $acr 200 00$aHallucinations$b[electronic resource] $etypes, stages and treatments /$fMeredith S. Payne, editor 210 $aNew York $cNova Science Publishers$dc2011 215 $a1 online resource (263 p.) 225 1 $aNeuroscience research progress 300 $aDescription based upon print version of record. 311 $a1-61728-275-8 320 $aIncludes bibliographical references and index. 410 0$aNeuroscience research progress series. 606 $aHallucinations and illusions 615 0$aHallucinations and illusions. 676 $a615/.7883 701 $aPayne$b Meredith S$01468676 801 0$bMiAaPQ 801 1$bMiAaPQ 801 2$bMiAaPQ 906 $aBOOK 912 $a9910790127703321 996 $aHallucinations$93679966 997 $aUNINA